Global cosmopolitans: the creative edge of difference (Record no. 44624)

MARC details
000 -LEADER
fixed length control field 00669nam a2200181 a 4500
008 - FIXED-LENGTH DATA ELEMENTS--GENERAL INFORMATION
fixed length control field 211203s2010 ||||||||||||||||| || u
020 ## - INTERNATIONAL STANDARD BOOK NUMBER
International Standard Book Number 9781349311736
050 ## - LIBRARY OF CONGRESS CALL NUMBER
Classification number HD 31 Bri
100 ## - MAIN ENTRY--PERSONAL NAME
Personal name Brimm, Linda
245 10 - TITLE STATEMENT
Title Global cosmopolitans: the creative edge of difference
Statement of responsibility, etc. By Linda Brimm
260 ## - PUBLICATION, DISTRIBUTION, ETC.
Place of publication, distribution, etc. London
Name of publisher, distributor, etc. Palgrave Macmillan
Date of publication, distribution, etc. 2010
300 ## - PHYSICAL DESCRIPTION
Extent xvi, 252 pages
350 ## - PRICE (NR) (BK AM CF MU VM SE) [OBSOLETE]
Price 79.13
650 ## - SUBJECT ADDED ENTRY--TOPICAL TERM
Topical term or geographic name entry element BUSINESS STRATEGY/ LEADERSHIP
650 ## - SUBJECT ADDED ENTRY--TOPICAL TERM
Topical term or geographic name entry element BUSINESS AND MANAGEMENT
650 ## - SUBJECT ADDED ENTRY--TOPICAL TERM
Topical term or geographic name entry element INTERNATIONAL ECONOMICS
995 ## - RECOMMENDATION 995 [LOCAL, UNIMARC FRANCE]
-- CBU-MAIN LIBRARY (Kitwe)
-- 79.13
-- AVAILABLE
-- Dec 7, 2021
-- Main Library Open Access Collection
Holdings
Withdrawn status Lost status Source of classification or shelving scheme Damaged status Not for loan Home library Current library Shelving location Date acquired Total Checkouts Full call number Barcode Date last seen Price effective from Koha item type
          CBU-MAIN LIBRARY, KITWE. CBU-MAIN LIBRARY, KITWE.   11/30/2022   HD 31 Bri 751578 11/30/2022 11/30/2022 MONOGRAPH